000 00589nam a22001817a 4500
003 URS
005 20220114171714.0
008 160830b xxu||||| |||| 00| 0 eng d
020 _a9710855824
050 _aZ56.2
_bG7.Z69 1990
100 _aZoubek, Charles E.
_4author
245 _aGregg shorthand:
_bdictation and transcription
_cCharles E. Zoubeck
250 _aCentennial Edition
260 _aNew York:
_bGregg, McGraw-Hill,
_c1990
300 _axi, 364 pages;
_c24 cm.
500 _aOriginally published under title: Gregg dictation and introductory transcription.
942 _cFR
_2lcc
999 _c14547
_d14547